000 01095nam a22003497a 4500
001 BR0502725
003 BR-BrBNA
005 20230928101914.0
007 ta
008 230509b bl.||||| |||| 00| 0 por d
040 _aBR-BrBNA
_bpor
_cBiblioteca Nacional de Agricultura
041 _a(Por)
072 _aF03; J10; F62
_b1190
_b3575
090 _ 1190 BR0502725
100 1 _aRezende, M.R.R.
110 1 _aUniversidade Federal de Lavras, MG (Brasil)
_0Tese (Mestrado)
245 1 _aGerminação, armazenamento de sementes e crescimento inicial de plantas de Campomanesia rufa (Berg.)Neid.
260 3 _aLavras, MG (Brasil):
_c2004.
300 _a84 p.
500 _aSummaries (Eng, Por); Several bibliography; 16 illus.; 6 tables
650 _aGUARIROBA
650 _aPRODUÇÃO DE SEMENTES
650 _aPODER GERMINATIVO
650 _aANATOMIA VEGETAL
650 _aCRESCIMENTO
650 _aDORMÊNCIA DA SEMENTE
650 _aPROPAGAÇÃO VEGETATIVA
650 _aARMAZENAMENTO
650 _aDESIDRATAÇÃO
909 _a202309
_bLucia
_c55
_dLucia Elande
942 _cBK
999 _c68153
_d68153